Business expenditure / (Record no. 81511)

MARC details
000 -LEADER
fixed length control field 00848nam a22002417a 4500
005 - DATE AND TIME OF LATEST TRANSACTION
control field 20140212110109.0
010 ## - LCCN (DPL NO)
LC control number ENG-109015-16
020 ## - INTERNATIONAL STANDARD BOOK NUMBER
International Standard Book Number 9788180389207(set)
Terms of availability 4495.00(set of 2 vols.)
020 ## - INTERNATIONAL STANDARD BOOK NUMBER
International Standard Book Number 9788180389214
Terms of availability 4495.00(set of 2 vols.)
020 ## - INTERNATIONAL STANDARD BOOK NUMBER
International Standard Book Number 9788180389221
Terms of availability 4495.00(set of 2 vols.)
035 ## - SYSTEM CONTROL NUMBER
System control number EN-92548-549
037 ## - SOURCE OF ACQUISITION
Source of stock number/acquisition DBAD/PUB
082 ## - DEWEY DECIMAL CLASSIFICATION NUMBER
Classification number 658.57
100 ## - MAIN ENTRY--PERSONAL NAME
Personal name Pithisaria, M. K.
245 ## - TITLE STATEMENT
Title Business expenditure /
Statement of responsibility, etc by M. K. Pithisaria [and] Mukesh Pithisaria
250 ## - EDITION STATEMENT
Edition statement 2nd ed
260 ## - PUBLICATION, DISTRIBUTION, ETC. (IMPRINT)
Place of publication, distribution, etc Gurgaon
Name of publisher, distributor, etc Lexis Nexis
Date of publication, distribution, etc 2013
270 ## - ADDRESS
Address 14th floor, Building No 10, Tower-B, DLF Cyber City, Phase-ll,
City Gurgaon
Postal code 122002
300 ## - PHYSICAL DESCRIPTION
Extent 2V.(ccxxxvi,1320,1-98p.; xii-ccxxxvi,1321-2359; 1-98p.)
Dimensions 25cm(Hb)
500 ## - GENERAL NOTE
General note Includes index
700 ## - ADDED ENTRY--PERSONAL NAME
Personal name Pithisaria, Mukesh
942 ## - ADDED ENTRY ELEMENTS (KOHA)
Source of classification or shelving scheme Dewey Decimal Classification
Item type English Books
Call number suffix PIT
Classification part 658.57
Holdings
Withdrawn status Lost status Materials specified (bound volume or other part) Not for loan Collection code Home library Current library Date acquired Source of acquisition Cost, normal purchase price Full call number Barcode Copy number Cost, replacement price Koha item type
    v.1 Not For Loan Non-fiction D.B.Act.Division D.B.Act.Division 26/12/2013 DBAD/PUB 4495.00 658.57 PIT EN-92548 1 4495.00 English Books
    v.2 Not For Loan Non-fiction D.B.Act.Division D.B.Act.Division 26/12/2013 DBAD/PUB 4495.00 658.57 PIT EN-92549 1 4495.00 English Books

© Delhi Public Library
Hit Counter
free hit counter